विज्ञान की अदभुत खोजें / (Record no. 118505)

MARC details
000 -LEADER
fixed length control field 01198nam a22002657a 4500
005 - DATE AND TIME OF LATEST TRANSACTION
control field 20170124103115.0
010 ## - LIBRARY OF CONGRESS CONTROL NUMBER
LC control number B-151418
020 ## - INTERNATIONAL STANDARD BOOK NUMBER
Terms of availability 185.00
International Standard Book Number 8187472308
035 ## - SYSTEM CONTROL NUMBER
System control number B-151418
037 ## - SOURCE OF ACQUISITION
Source of stock number/acquisition Cen Lib/Ret
040 ## - CATALOGING SOURCE
Original cataloging agency DPL
Language of cataloging HN
082 ## - DEWEY DECIMAL CLASSIFICATION NUMBER
Classification number 609
Item number निरुप
100 ## - MAIN ENTRY--PERSONAL NAME
Personal name निरुपमा
9 (RLIN) 80575
245 ## - TITLE STATEMENT
Title विज्ञान की अदभुत खोजें /
Statement of responsibility, etc निरुपमा; सचित्र मुकेश नादान
246 ## - VARYING FORM OF TITLE
Title proper/short title Vigyaan ki adbhut khojein /
Remainder of title by Nirupama; sachitra Mukesh Nadan
260 ## - PUBLICATION, DISTRIBUTION, ETC. (IMPRINT)
Place of publication, distribution, etc नयी दिल्ली
Name of publisher, distributor, etc विजय पब्लिशर्स
Date of publication, distribution, etc 2006
270 ## - ADDRESS
Address 5, गोला मार्किट, दरिया गंज
City नयी दिल्ली
Postal code 110002
300 ## - PHYSICAL DESCRIPTION
Extent 160पृ. :
Dimensions 21सेमी (सजिल्द)
Other physical details सचित्र
650 ## - SUBJECT ADDED ENTRY--TOPICAL TERM
Topical term or geographic name as entry element विज्ञान के क्षेत्र में खोजों।
9 (RLIN) 80576
650 ## - SUBJECT ADDED ENTRY--TOPICAL TERM
Topical term or geographic name as entry element विज्ञान
9 (RLIN) 80577
650 ## - SUBJECT ADDED ENTRY--TOPICAL TERM
Topical term or geographic name as entry element Discoveries in science.
9 (RLIN) 80578
650 ## - SUBJECT ADDED ENTRY--TOPICAL TERM
Topical term or geographic name as entry element Science
9 (RLIN) 10795
700 ## - ADDED ENTRY--PERSONAL NAME
Personal name नादान, मुकेश
9 (RLIN) 80579
942 ## - ADDED ENTRY ELEMENTS (KOHA)
Source of classification or shelving scheme Dewey Decimal Classification
Koha item type Hindi Books
Classification part 609
Call number suffix निरूप
Holdings
Withdrawn status Lost status Damaged status Not for loan Home library Current library Date acquired Source of acquisition Cost, normal purchase price Total Checkouts Full call number Barcode Date last seen Copy number Cost, replacement price Price effective from Koha item type
        Central Library Central Library 11/09/2015 Cen Lib/Ret 185.00   609 निरुप B-151418 11/09/2015 1 185.00 11/09/2015 Hindi Books

© Delhi Public Library
Hit Counter
free hit counter